| 000 | 00968nam0a22003011 4500 | ||
|---|---|---|---|
| 001 | v19\rc\1927048 | ||
| 005 | 20251118180712.9 | ||
| 035 | _a(NLR Aleph) 005012646 | ||
| 090 |
_a6504296 _c6504296 |
||
| 100 | _a20080404d1912 u y0rusy50 ca | ||
| 101 | 1 |
_arus _cger |
|
| 102 | _aRU | ||
| 105 | _ay z ||||| | ||
| 200 | 1 |
_aИсследование над гибридами растений _fГр. Мендель _gПер. с нем. С. Егуновой |
|
| 210 |
_aСанкт-Петербург _cСовет Спб. биол. лаб. П.Ф. Лесгафта _d1912 |
||
| 215 |
_a42 с. _d25 |
||
| 700 | 1 |
_aМендель _bГ. _f1822-1884 _gГрегор |
|
| 702 | 1 |
_aЕгунова _bС. _4730 |
|
| 801 | 0 |
_aRU _bNLR _gpsbo |
|
| 801 | 0 |
_aRU _bRuMoRGB _2psbo |
|
| 801 | 1 |
_aRU _bProSoft-M _2rusmarc |
|
| 852 |
_aNLR _jБл02 Б-8/4 |
||
| 899 |
_aRuMoRGB _jO 41/119 |
||
| 899 | _aНБ СПбГУ | ||
| 899 | _aНБ МГУ | ||
| 942 | _cBOOK | ||
| 980 | _aNB | ||